[Event "Hillerod CC-ch D"]
[Site "Hillerod"]
[Date "2019.02.25"]
[Round "4"]
[White "Andersen, Lene"]
[Black "Nielsen, Benny"]
[Result "0-1"]
[WhiteElo "1000"]
[BlackElo "1230"]
[PlyCount "30"]
[EventDate "2019.01.08"]
[EventType "swiss"]
[EventRounds "7"]
[EventCountry "DEN"]
[SourceTitle "EXT 2024"]
[Source "ChessBase"]
[SourceDate "2023.10.10"]
[SourceVersion "1"]
[SourceVersionDate "2023.10.10"]
[SourceQuality "1"]

1. e4 e5 2. Nf3 Nc6 3. Bd3 Bc5 4. 0-0 Nf6 5. c4 0-0 6. Nc3 d6 7. Qa4 Bd7 8. Nb5 a6 9. Nc3 Nd4 10. Qd1 Bg4 11. Ne2 Nxf3+ 12. gxf3 Bxf3 13. Qe1 Qd7 14. Ng3 Qh3 15. b3 Qg2# 0-1

[Event "Hillerod Skjold Burne op"]
[Site "Hillerod"]
[Date "2017.10.21"]
[Round "2"]
[White "Nielsen, Benny"]
[Black "Petersen, Jakob Lyng"]
[Result "0-1"]
[WhiteElo "1258"]
[BlackElo "1380"]
[PlyCount "136"]
[EventDate "2017.10.03"]
[EventType "swiss"]
[EventRounds "4"]
[EventCountry "DEN"]
[SourceTitle "EXT 2024"]
[Source "ChessBase"]
[SourceDate "2023.10.10"]
[SourceVersion "1"]
[SourceVersionDate "2023.10.10"]
[SourceQuality "1"]

1. d4 Nf6 2. Nf3 e6 3. c4 d5 4. cxd5 exd5 5. Nc3 Bb4 6. Qa4+ Nc6 7. Bg5 0-0 8. a3 Bxc3+ 9. bxc3 Qd6 10. Qc2 Ne7 11. h3 Bf5 12. Qd1 Ne4 13. Qb3 Rab8 14. e3 c5 15. Bf4 Qb6 16. Qxb6 axb6 17. Bxb8 Rxb8 18. c4 h6 19. cxd5 Nxd5 20. Bc4 Ndf6 21. Ne5 Ng5 22. 0-0 Ra8 23. h4 Ne6 24. d5 Nd8 25. a4 Bc2 26. Ra3 Ne4 27. Rfa1 Nd6 28. Bb3 Bxb3 29. Rxb3 f6 30. Nd7 b5 31. Nxc5 b6 32. Nd7 Ra6 33. Rb4 Kf7 34. Nb8 Ra8 35. Nc6 N8b7 36. f3 Nc5 37. a5 Ncb7 38. a6 Nc5 39. a7 f5 40. e4 fxe4 41. Re1 Nd3 42. Ne5+ Nxe5 43. fxe4 Nd3 44. Rf1+ Ke7 45. Rd4 Ne5 46. Ra1 Kd7 47. Kf2 g5 48. g3 Kc7 49. hxg5 hxg5 50. Rh1 Kb7 51. Rh7+ Ka6 52. Rh6 Ndc4 53. d6 Rxa7 54. Re6 b4 55. Re7 b3 56. d7 Nc6 57. d8Q Nxd8 58. Rxa7+ Kxa7 59. Rxc4 Ne6 60. Rb4 Nc5 61. Ke3 Ka6 62. e5 Ka5 63. Rd4 b2 64. Rd1 Kb4 65. Rb1 Kb3 66. e6 Nxe6 67. Kd3 Nc5+ 68. Ke3 Kc2 0-1

[Event "Hillerod-ch D"]
[Site "Hillerod"]
[Date "2017.05.16"]
[Round "3"]
[White "Nielsen, Benny"]
[Black "Feldung, Arne"]
[Result "0-1"]
[WhiteElo "1282"]
[BlackElo "1345"]
[PlyCount "118"]
[EventDate "2017.05.02"]
[EventType "swiss"]
[EventRounds "7"]
[EventCountry "DEN"]
[SourceTitle "EXT 2023"]
[Source "ChessBase"]
[SourceDate "2022.10.05"]
[SourceVersion "1"]
[SourceVersionDate "2022.10.05"]
[SourceQuality "1"]

1. e4 c6 2. Nf3 d5 3. exd5 cxd5 4. Bb5+ Nc6 5. d4 a6 6. Bd3 Bg4 7. c3 Nf6 8. 0-0 e5 9. Be2 e4 10. Ne1 Bxe2 11. Qxe2 Be7 12. f3 Qc7 13. fxe4 Nxe4 14. Bf4 Bd6 15. Bxd6 Qxd6 16. Nd2 Qe7 17. Nxe4 Qxe4 18. Qxe4+ dxe4 19. Rf4 0-0 20. Rxe4 Rfe8 21. Rxe8+ Rxe8 22. Kf2 Na5 23. Nf3 Nc4 24. Re1 Rxe1 25. Kxe1 Nxb2 26. Kd2 Nc4+ 27. Kd3 Nb2+ 28. Ke4 Nc4 29. Kd5 Ne3+ 30. Kd6 Nxg2 31. Ke7 Nf4 32. c4 b6 33. d5 Nd3 34. Nd4 Nc5 35. Nc6 f5 36. d6 f4 37. Ne5 g5 38. Nd3 f3 39. Nf2 b5 40. cxb5 axb5 41. d7 Nxd7 42. Kxd7 Kf7 43. Kc6 b4 44. Kb5 h5 45. h3 Kf6 46. Kxb4 Kf5 47. a4 g4 48. a5 g3 49. a6 gxf2 50. a7 Kf4 51. a8Q f1Q 52. Qf8+ Kg3 53. Qd6+ Kxh3 54. Qe6+ Kh4 55. Qf6+ Kh3 56. Qf5+ Kg2 57. Qxh5 Qe1+ 58. Kc4 Qe2+ 59. Kd5 Qb5+ 0-1

[Event "Hillerod Spar Nord op"]
[Site "Hillerod"]
[Date "2016.09.25"]
[Round "2"]
[White "Nielsen, Benny"]
[Black "Jahic, Afan"]
[Result "1/2-1/2"]
[WhiteElo "1335"]
[BlackElo "1341"]
[PlyCount "55"]
[EventDate "2016.09.13"]
[EventType "swiss"]
[EventRounds "7"]
[EventCountry "DEN"]
[SourceTitle "EXT 2024"]
[Source "ChessBase"]
[SourceDate "2023.10.10"]
[SourceVersion "1"]
[SourceVersionDate "2023.10.10"]
[SourceQuality "1"]

1. d4 Nf6 2. Nf3 e6 3. c4 Bb4+ 4. Nc3 b6 5. a3 Be7 6. e4 d6 7. Bd3 0-0 8. 0-0 Bb7 9. Re1 Nbd7 10. b4 c5 11. bxc5 dxc5 12. d5 exd5 13. cxd5 Bd6 14. e5 Nxe5 15. Nxe5 Re8 16. Nc6 Bxc6 17. Rxe8+ Bxe8 18. Bb5 Qc7 19. g3 Bxb5 20. Nxb5 Qd7 21. Nc3 Be5 22. Qf3 Nxd5 23. Bb2 Rd8 24. Rd1 Bd4 25. Nxd5 Bxb2 26. Nf6+ Bxf6 27. Rxd7 Rxd7 28. Qa8+ 1/2-1/2

[Event "Hillerod CC-ch C"]
[Site "Hillerod"]
[Date "2016.03.05"]
[Round "6"]
[White "Nielsen, Benny"]
[Black "Holm, Erik"]
[Result "1-0"]
[WhiteElo "1387"]
[BlackElo "1403"]
[PlyCount "41"]
[EventDate "2016.01.05"]
[EventType "swiss"]
[EventRounds "9"]
[EventCountry "DEN"]
[SourceTitle "EXT 2024"]
[Source "ChessBase"]
[SourceDate "2023.10.10"]
[SourceVersion "1"]
[SourceVersionDate "2023.10.10"]
[SourceQuality "1"]

1. d4 d5 2. Nf3 e6 3. e3 Nf6 4. Bd3 Nbd7 5. 0-0 c5 6. c3 Bd6 7. Nbd2 Qc7 8. e4 dxe4 9. Nxe4 Nxe4 10. Bxe4 Nf6 11. Bd3 0-0 12. Re1 cxd4 13. Nxd4 Bxh2+ 14. Kh1 Bd6 15. Nb5 Qc5 16. Nxd6 Qxf2 17. Re3 Nd5 18. Bxh7+ Kh8 19. Rh3 e5 20. Bg6+ Bxh3 21. Qh5+ 1-0

[Event "Hillerod CC-ch C"]
[Site "Hillerod"]
[Date "2016.02.14"]
[Round "4"]
[White "Lang, Daniel Barselajsen"]
[Black "Nielsen, Benny"]
[Result "1-0"]
[WhiteElo "1486"]
[BlackElo "1387"]
[PlyCount "53"]
[EventDate "2016.01.05"]
[EventType "swiss"]
[EventRounds "9"]
[EventCountry "DEN"]
[SourceTitle "EXT 2024"]
[Source "ChessBase"]
[SourceDate "2023.10.10"]
[SourceVersion "1"]
[SourceVersionDate "2023.10.10"]
[SourceQuality "1"]

1. e4 e5 2. Nf3 Nc6 3. d4 exd4 4. Nxd4 Nxd4 5. Qxd4 c5 6. Qa4 Bd6 7. Be3 Qc7 8. g3 Nf6 9. Nc3 a6 10. 0-0-0 Qb8 11. Qc4 b5 12. Qe2 0-0 13. Bg2 Bb7 14. f4 Re8 15. e5 Bxe5 16. Bxb7 Bd4 17. Bxa8 Bxe3+ 18. Kb1 Qxa8 19. Rdf1 Nd5 20. Nxd5 Qxd5 21. Rd1 Qc6 22. Qd3 Bd4 23. c3 Re3 24. Rhe1 Rxe1 25. Rxe1 d5 26. cxd4 c4 27. Qf5 1-0

[Event "Hillerod op"]
[Site "Hillerod"]
[Date "2015.09.26"]
[Round "4"]
[White "Pedersen, Jan2222"]
[Black "Nielsen, Benny"]
[Result "1-0"]
[WhiteElo "1478"]
[BlackElo "1101"]
[PlyCount "69"]
[EventDate "2015.09.08"]
[EventType "swiss"]
[EventRounds "7"]
[EventCountry "DEN"]
[SourceTitle "EXT 2024"]
[Source "ChessBase"]
[SourceDate "2023.10.10"]
[SourceVersion "1"]
[SourceVersionDate "2023.10.10"]
[SourceQuality "1"]

1. d4 d5 2. c4 c6 3. Nc3 e6 4. cxd5 cxd5 5. Nf3 Nf6 6. Bg5 Nbd7 7. a3 Be7 8. e3 0-0 9. Bd3 b6 10. 0-0 h6 11. Bh4 Bd6 12. Bg3 Bxg3 13. fxg3 a6 14. Bc2 b5 15. Qd3 Re8 16. Ne5 Bb7 17. Nxd7 Qxd7 18. Rxf6 gxf6 19. Qh7+ Kf8 20. Qxh6+ Ke7 21. Qh4 Rh8 22. Qf4 f5 23. Qg5+ Kd6 24. Qf6 Qe7 25. Qe5+ Kd7 26. Bd3 f6 27. Qf4 Rh5 28. Nxb5 axb5 29. Bxb5+ Bc6 30. Bxc6+ Kxc6 31. Rc1+ Kb7 32. Qf1 Rah8 33. Qb5+ Ka7 34. Rc6 Qb7 35. Qa5+ 1-0